000 01028nam a22003257a 4500
001 3132734
003 OSt
005 20210426114151.0
008 720830s1973 nyu b 001 0 eng
010 _a 72008336
020 _a0070100535
040 _aDLC
_cDLC
_dDLC
_beng
041 _aeng
050 0 0 _aLB2341
_b.P43
080 _a37
_bP-44
082 0 0 _a378.73
100 1 _aPerkins, James Alfred,
_d1911-
245 1 4 _aThe university as an organization.
_cEdited by James A. Perkins.
_b/ by: McGraw-Hill Book Company
260 _aNew York,
_bMcGraw-Hill Book Company
_c[1973]
300 _axx, 273 p.
_c23 cm.
500 _aA report for the Carnegie Commission on Higher Education.
504 _aBibliography: p. 261-268.
650 0 _aUniversities and colleges
_xAdministration.
650 0 _aManagement.
650 0 _aEducation
_9318
653 _aგანათლება
710 2 _aCarnegie Commission on Higher Education.
906 _a7
_bcbc
_corignew
_d1
_eocip
_f19
_gy-gencatlg
942 _2udc
_cBK
999 _c1000
_d1000